Political change and industrial development in Japan : Government enterprise, 1868-1880

Enregistré dans:
Détails bibliographiques
Auteur principal: Smith, Thomas C.
Format: Livre
Langue:Undetermined
Publié: Stanford Stanford University Press 1955
Sujets:
Tags: Ajouter un tag
Pas de tags, Soyez le premier à ajouter un tag!
Thư viện lưu trữ: Trung tâm Học liệu Trường Đại học Cần Thơ
LEADER 00574nam a2200205Ia 4500
001 CTU_97993
008 210402s9999 xx 000 0 und d
082 |a 339.2 
082 |b S642 
100 |a Smith, Thomas C. 
245 0 |a Political change and industrial development in Japan : 
245 0 |b Government enterprise, 1868-1880 
245 0 |c Thomas C. Smith 
260 |a Stanford 
260 |b Stanford University Press 
260 |c 1955 
650 |a Industries 
650 |z Japan 
904 |i Hiếu 
980 |a Trung tâm Học liệu Trường Đại học Cần Thơ